Politik und Moral: Entmoralisierung des Politischen?
| Contributors: | |
|---|---|
| Format: | Print Book |
| Language: | German |
| Published: |
München
Fink [u.a.]
1987
[München] Schöningh 1987 |
| In: |
Ethik der Wissenschaften (6)
Year: 1987 |
| Online Access: |
Table of Contents |
| Check availability: | HBZ Gateway |
| Subito Delivery Service: | Order now. |
| Keywords: |
MARC
| LEADER | 00000cam a2200000 cb4500 | ||
|---|---|---|---|
| 001 | 1083444484 | ||
| 003 | DE-627 | ||
| 005 | 20260206195308.0 | ||
| 007 | tu | ||
| 008 | 871204s1987 xx ||||| 00| ||ger c | ||
| 020 | |a 3506722867 |q kart. : DM 19.80 | ||
| 035 | |a (DE-627)1083444484 | ||
| 035 | |a (DE-603)009666001 | ||
| 035 | |a (DE-576)013444484 | ||
| 035 | |a (DE-599)BSZ013444484 | ||
| 035 | |a (OCoLC)18106851 | ||
| 040 | |a DE-627 |b ger |c DE-627 |e rakwb | ||
| 041 | |a ger | ||
| 082 | 0 | |a 172 | |
| 084 | |a 1 |2 ssgn | ||
| 084 | |a CC 7800 |2 rvk |0 (DE-625)rvk/17691: | ||
| 084 | |a CC 7260 |2 rvk |0 (DE-625)rvk/17677: | ||
| 084 | |a CC 7200 |2 rvk |0 (DE-625)rvk/17672: | ||
| 084 | |a CC 3200 |2 rvk |0 (DE-625)rvk/17614: | ||
| 084 | |a MD 6300 |2 rvk |0 (DE-625)rvk/122532: | ||
| 084 | |2 rvk |0 (DE-625)rvk17677 | ||
| 084 | |2 rvk |0 (DE-625)rvk17703 | ||
| 084 | |2 rvk |0 (DE-625)rvk17672 | ||
| 245 | 0 | 0 | |a Politik und Moral |b Entmoralisierung des Politischen? |c hrsg. von Werner Becker ... |
| 264 | 1 | |a München |b Fink [u.a.] |c 1987 | |
| 264 | 1 | |a [München] |b Schöningh |c 1987 | |
| 300 | |a 122 S. |c 22 cm | ||
| 336 | |a Text |b txt |2 rdacontent | ||
| 337 | |a ohne Hilfsmittel zu benutzen |b n |2 rdamedia | ||
| 338 | |a Band |b nc |2 rdacarrier | ||
| 490 | 1 | |a Ethik der Wissenschaften / hrsg. von Hans Lenk ... |v Bd. 6 | |
| 505 | 8 | |a Literaturangaben | |
| 505 | 8 | |a Literaturangaben | |
| 583 | 1 | |a Archivierung/Langzeitarchivierung gewährleistet |f SSG |x XA-DE-BW |2 pdager |5 DE-21 | |
| 650 | 0 | |a Political ethics | |
| 650 | 0 | 7 | |0 (DE-588)4129503-1 |0 (DE-627)104658339 |0 (DE-576)209611030 |a Politische Ethik |2 gnd |
| 650 | 4 | |a Politik, politische Ethik, Becker | |
| 655 | 7 | |a Konferenzschrift |0 (DE-588)1071861417 |0 (DE-627)826484824 |0 (DE-576)433375485 |2 gnd-content | |
| 689 | 0 | 0 | |d s |0 (DE-588)4129503-1 |0 (DE-627)104658339 |0 (DE-576)209611030 |a Politische Ethik |2 gnd |
| 689 | 0 | |5 (DE-627) | |
| 700 | 1 | |8 1\p |a Becker, Werner |d 1937-2009 |e Hrsg. |0 (DE-588)124521304 |0 (DE-627)363393889 |0 (DE-576)294212124 |4 edt | |
| 830 | 0 | |a Ethik der Wissenschaften |v 6 |9 6 |w (DE-627)1079215026 |w (DE-576)009215026 |7 am | |
| 856 | 4 | 2 | |u http://d-nb.info/871489937/04 |m B:DE-101 |q application/pdf |3 Inhaltsverzeichnis |7 1 |
| 856 | 4 | 2 | |u http://scans.hebis.de/HEBCGI/show.pl?00966600_toc.pdf |m V:DE-603;B:DE-17 |q application/pdf |3 Inhaltsverzeichnis |7 1 |
| 883 | |8 1\p |a cgwrk |d 20241001 |q DE-101 |u https://d-nb.info/provenance/plan#cgwrk | ||
| 935 | |a mteo | ||
| 935 | |h HEB |i 0501 | ||
| 935 | |h HEB |i 0503 | ||
| 936 | r | v | |a CC 7800 |b Staatsphilosophie, Politologie |k Philosophie |k Systematische Philosophie |k Rechts-, Gesellschafts- und Staatsphilosophie |k Staatsphilosophie, Politologie |0 (DE-627)1270639188 |0 (DE-625)rvk/17691: |0 (DE-576)200639188 |
| 936 | r | v | |a CC 7260 |b Allgemeines |k Philosophie |k Systematische Philosophie |k Ethik |k Angewandte Ethik (Bioethik, Medizinische Ethik, Ethik der einzelnen Wissenschaften) |k Allgemeines |0 (DE-627)1272310515 |0 (DE-625)rvk/17677: |0 (DE-576)202310515 |
| 936 | r | v | |a CC 7200 |b Abhandlungen |k Philosophie |k Systematische Philosophie |k Ethik |k Abhandlungen |0 (DE-627)1270639072 |0 (DE-625)rvk/17672: |0 (DE-576)200639072 |
| 936 | r | v | |a CC 3200 |b Abhandlungen zur allgemeinen Wissenschaftstheorie |k Philosophie |k Systematische Philosophie |k Allgemeine Wissenschaftstheorie |k Abhandlungen zur allgemeinen Wissenschaftstheorie |0 (DE-627)1270638769 |0 (DE-625)rvk/17614: |0 (DE-576)200638769 |
| 936 | r | v | |a MD 6300 |b Politisches Handeln, Ethik und Politik, politische Verantwortung |k Politologie |k Politische Theorie, Grundbegriffe des Politischen |k Politisches Verhalten, politische Psychologie |k Politisches Handeln, Ethik und Politik, politische Verantwortung |0 (DE-627)1271341301 |0 (DE-625)rvk/122532: |0 (DE-576)201341301 |
| 936 | r | v | |0 (DE-625)rvk17677 |
| 936 | r | v | |0 (DE-625)rvk17703 |
| 936 | r | v | |0 (DE-625)rvk17672 |
| 936 | s | n | |a c100 |2 mzub |
| 936 | s | n | |a m100 |2 mzub |
| 951 | |a MV | ||
| ELC | |b 1 | ||
| LOK | |0 000 xxxxxcx a22 zn 4500 | ||
| LOK | |0 001 275030458X | ||
| LOK | |0 003 DE-627 | ||
| LOK | |0 004 1083444484 | ||
| LOK | |0 005 20260223105303 | ||
| LOK | |0 008 130624||||||||||||||||ger||||||| | ||
| LOK | |0 040 |a DE-21-110 |c DE-627 |d DE-21-110 | ||
| LOK | |0 689 |a s |a Politik und Moral | ||
| LOK | |0 852 |z Kein Bestand am IfK; Nachweis für KrimDok | ||
| LOK | |0 852 |a DE-21-110 | ||
| LOK | |0 852 1 |m v |9 00 | ||
| LOK | |0 935 |a k110 | ||
| LOK | |0 938 |k v | ||
| LOK | |0 939 |a 24-06-13 |b l01 | ||
| ORI | |a WA-MARC-krimdoka001.raw | ||
